Грозозащита. Защита от импульсных перенапряжений. Огни светового ограждения (Запись № 535092)

Подробности
000 -МАРКЕР
контрольное поле 01876nam0a2200349 4500
001 - ИДЕНТИФИКАТОР ЗАПИСИ
контрольное поле RU\NLR\bibl\1301404
005 - ИДЕНТИФИКАТОР ВЕРСИИ
контрольное поле 20260408202552.0
021 ## - НОМЕР ГОСУДАРСТВЕННОЙ РЕГИСТРАЦИИ
Код страны Российская Федерация
Номер 2008-77786
Номер Листа государственной регистраци 4509
035 ## - ДРУГИЕ СИСТЕМНЫЕ НОМЕРА
Идентификатор записи (NLR Aleph) 001286989
100 ## - ДАННЫЕ ОБЩЕЙ ОБРАБОТКИ
Данные общей обработки 20081202d2008 u y0rusy50 ca
101 0# - ЯЗЫК РЕСУРСА
Язык текста, звукозаписи и т.д. русский
102 ## - СТРАНА ПУБЛИКАЦИИ ИЛИ ПРОИЗВОДСТВА
Страна публикации Российская Федерация
105 ## - ПОЛЕ КОДИРОВАННЫХ ДАННЫХ: ТЕКСТОВЫЕ МАТЕРИАЛЫ, МОНОГРАФИЧЕСКИЕ
Кодированные данные о монографическом текстовом документе a |||||||||
200 1# - ЗАГЛАВИЕ И СВЕДЕНИЯ ОБ ОТВЕТСТВЕННОСТИ
Основное заглавие Грозозащита. Защита от импульсных перенапряжений. Огни светового ограждения
Первые сведения об ответственности СITEL.
210 ## - ПУБЛИКАЦИЯ, РАСПРОСТРАНЕНИЕ И ДР.
Место издания, распространения и т.д. [Б.м.
Имя издателя, распространителя и т. д. б.и.
Дата издания, распространения и т.д. 2008]
215 ## - ФИЗИЧЕСКАЯ ХАРАКТЕРИСТИКА
Специфическое обозначение материала и объем 110 с.
Другие сведения о физической характеристике ил., цв. ил.
Размеры 29
313 ## - ПРИМЕЧАНИЯ, ОТНОСЯЩИЕСЯ К ТЕМАТИЧЕСКОМУ ДОСТУПУ
Текст примечания фирма CITEL специализируется исключительно по разработке и изготовлению средств защиты от импульсных перенапряжений,световое ограждение - предупредительные лампы для освещения и обозначения препятствий
517 0# - ДРУГИЕ ВАРИАНТЫ ЗАГЛАВИЯ
Вариант заглавия Защита от импульсных перенапряжений
517 0# - ДРУГИЕ ВАРИАНТЫ ЗАГЛАВИЯ
Вариант заглавия Огни светового ограждения
606 1# - НАИМЕНОВАНИЕ ТЕМЫ КАК ПРЕДМЕТ
Наименование темы Молниезащита
Формальный подзаголовок Каталоги
Тематический подзаголовок Аппараты и приборы
Системный номер авторитетной/нормативной записи 2545654
Идентификатор авторитетной/нормативной записи RU\NLR\auth\661506734
606 1# - НАИМЕНОВАНИЕ ТЕМЫ КАК ПРЕДМЕТ
Наименование темы Светосигнальные аппараты
Формальный подзаголовок Каталоги
Системный номер авторитетной/нормативной записи 1576375
Идентификатор авторитетной/нормативной записи RU\NLR\auth\66990634
606 ## - НАИМЕНОВАНИЕ ТЕМЫ КАК ПРЕДМЕТ
Наименование темы Перенапряжения (электр.) импульсные
Тематический подзаголовок Защита от них
-- Аппараты и приборы
Формальный подзаголовок Каталоги
Идентификатор авторитетной/нормативной записи RU\NLR\auth\661506651
Системный номер авторитетной/нормативной записи 2545498
686 ## - ИНДЕКСЫ ДРУГИХ КЛАССИФИКАЦИЙ
Индекс З247.1-5я87
686 ## - ИНДЕКСЫ ДРУГИХ КЛАССИФИКАЦИЙ
Индекс З885.3-55я87
686 ## - ИНДЕКСЫ ДРУГИХ КЛАССИФИКАЦИЙ
Индекс З247-5я87
710 02 - НАИМЕНОВАНИЕ ОРГАНИЗАЦИИ - ПЕРВИЧНАЯ ОТВЕТСТВЕННОСТЬ
Материалы, к которым относится поле rus
Начальный элемент ввода CITEL, фирма
Идентифицирующий признак Исси-ле-Мулино
Графика поля Латинская
-- Кириллица
Идентификатор авторитетной/нормативной записи RU\NLR\AUTH\8810127386
Системный номер авторитетной/нормативной записи 752032
801 #0 - ИСТОЧНИК ЗАПИСИ
Страна Российская Федерация
Организация NLR
Дата составления 20081202
Правила каталогизации RCR
801 #1 - ИСТОЧНИК ЗАПИСИ
Страна Российская Федерация
Организация NLR
Дата составления 20081202
942 ## - ДОПОЛНИТЕЛЬНЫЕ ЭЛЕМЕНТЫ ЗАПИСИ (АБИС)
Тип экземпляра АБИС Книга
980 ## - КОЛЛЕКЦИЯ
Название коллекции Национальная библиография
Экземпляры
Тип экземпляра Дата поступления Источник поступления Библиотека постоянного хранения Библиотека текущего хранения Место хранения Шифр хранения Штрих-код Статус экземпляра
Книга 02.12.2008 Обязательный экземпляр РНБ (Московский) РНБ (Московский) Фонд нормативно-технических и технических документов Пт 2008-2/129 1-618320  
Книга 02.12.2008 Обязательный экземпляр РНБ (Московский) РНБ (Московский) Фонд нормативно-технических и технических документов, подручный Пт 2008-2/129 1-618321